| 000 | 00982nam a2200289 4500 | ||
|---|---|---|---|
| 003 | OSt | ||
| 005 | 20260601170954.0 | ||
| 008 | 260430b2002\\\\sz\a||||\||||\00|\0\eng\d | ||
| 020 | _a2880467071 | ||
| 020 | _a9782880467074 | ||
| 040 |
_aICI _bspa _cICI |
||
| 041 | _aeng | ||
| 050 |
_aGA105.3 _bF39 |
||
| 100 | 1 |
_aFawcett-Tang, Roger, _eautor _930346 |
|
| 245 | 1 |
_aMapping : _ban illustrated guide to graphic navigational systems / _cRoger Fawcett-Tang ; introduction by William Owen |
|
| 264 |
_aMies, Switzerland : _bRotoVision, _c2002 |
||
| 300 |
_a208 páginas _bilustraciones (principalmente color) |
||
| 336 |
_atexto _2rdacontent |
||
| 337 |
_asin medio _2rdamedia |
||
| 338 |
_avolumen _2rdacarrier |
||
| 500 | _aLibro Extraordinario! | ||
| 650 | 1 |
_aCartografía _xDiseño _vGuías ilustradas _930347 |
|
| 650 | 1 |
_aDiseño gráfico _918020 |
|
| 650 | 1 | _2Wayfinding (Orientación) | |
| 700 | 1 |
_aOwen, William, _eescritor de la introducción _930348 |
|
| 942 |
_2lcc _cB _n1 |
||
| 999 |
_c19783 _d19783 |
||